| 000 | 00786nam a2200253 a 4500 | ||
|---|---|---|---|
| 001 | BRCA_5517 | ||
| 005 | 20190320205119.0 | ||
| 008 | 040211s1949----enk#######---#000-0#eng-# | ||
| 041 | _aeng | ||
| 044 | _aenk | ||
| 050 | 4 |
_aN2325 _b.M37 1949 |
|
| 245 | 1 | 0 |
_aMasterpieces from the Alte Pinakothek at Munich _ban exhibition held at the National Gallery. |
| 260 |
_aLondres _bArts Council _c1949 |
||
| 300 |
_a64 p. _c18 cm. |
||
| 500 | _aEstado físico: Encuadernación deteriorada | ||
| 500 | _aE45 | ||
| 650 | 1 | 4 |
_aPinturas _vExposiciones _911908 |
| 650 | 1 | 4 |
_aGalerías y museos _zAlemania _95059 |
| 650 | 1 | 4 |
_aGalerías y museos _zInglaterra _914095 |
| 710 | 2 |
_aPinakothek, Alte (Múnich) _97742 |
|
| 710 | 2 |
_aNational Gallery (Londres) _914025 |
|
| 902 | _aGFM | ||
| 942 |
_2lcc _cB |
||
| 999 |
_c5211 _d5211 |
||